000
00336nam a22001577a 4500
003
SGT
020
_a
978-93-8-5529-00-9
082
_a
615.19
_b
P16M
100
_a
MEHTA, R.M
245
_a
PHARMACEUTICS -1
250
_a
6TH
260
_a
HARYANA
_b
VALLABH .PUB
_c
2016
300
_a
336
650
_a
PHARMACEUTICS
942
_2
ddc
_c
BK
_0
29
999
_c
9611
_d
9611